|
|
|
|
| LEADER |
00000nab a2200000 a 4500 |
| 001 |
vtls000681887 |
| 003 |
SK-MaSNL |
| 005 |
20260303223330.0 |
| 008 |
180205c1998 xo 0 slo |
| 015 |
|
|
|a SNBRB1998/12-33516
|
| 035 |
|
|
|a CLN000034054
|
| 040 |
|
|
|a SNKBUCL
|b slo
|c SNKBUCL
|e AACR2
|
| 041 |
0 |
|
|a slo
|
| 044 |
|
|
|a xo
|c SK
|
| 080 |
|
|
|a 78.071.1/.2:784.66
|2 UDC-MRF-SK2
|
| 080 |
|
|
|a 784.66
|2 UDC-MRF-SK2
|
| 100 |
1 |
|
|a Hladík, Dalibor,
|d 1970-2008
|4 ain
|9 9614
|
| 245 |
1 |
0 |
|a Spevák by mal ľuďom pomáhať na chvíľu zabudnúť
|b Peter Nagy vydáva nový sólový album...
|c [zhováral sa] Dalibor Hladík
|
| 300 |
|
|
|b Fotogr.
|
| 600 |
1 |
7 |
|a Nagy, Peter,
|d 1959-
|2 snkbucl
|9 98857
|
| 655 |
|
7 |
|a články z novín a časopisov
|2 snkbucl
|9 267496
|
| 700 |
1 |
|
|a Nagy, Peter,
|d 1959-
|4 aut
|4 uin
|9 98857
|
| 773 |
0 |
|
|t Sme
|g Roč. 6 a 51, č. 264 (14.11.1998), s. 3
|
| 850 |
|
|
|a Slovenská národná knižnica v Martine
|
| 852 |
|
|
|a SNK
|b KIS3GCP
|
| 958 |
|
|
|a RBX
|
| 999 |
|
|
|c 2247255
|d 2249185
|